Sana que sana /

Sapito se ha hecho daño mientras jugaba con las mariposas. Para consolarlo, mamá le canta. No hay mejor remedio para el dolor que unas palabritas de amor.

Guardado en:
Autor Principal: Ramos, María Cristina
Otros Autores: Estrada, Ixchel; il.
Formato: Libro
Publicado: Buenos Aires : Océano, 2008
Materias:
Etiquetas: Agregar Etiqueta
Sin Etiquetas, Sea el primero en etiquetar este registro!
LEADER 01139nam a22002775a 4500
001 CEM.cems015473
008 130507s2008##################000#0#####d
005 20250421175115.0
245 1 0 |a Sana que sana /  |c María Cristina Ramos ; ilustrado Por Ixchel Estrada 
260 |a Buenos Aires :  |b Océano,  |c 2008 
300 |a 28 p. 
520 |a Sapito se ha hecho daño mientras jugaba con las mariposas. Para consolarlo, mamá le canta. No hay mejor remedio para el dolor que unas palabritas de amor. 
020 |a 9788979361573 
100 1 |a Ramos, María Cristina 
700 1 |a Estrada, Ixchel; il. 
082 0 4 |a A861.4 
653 |a Literatura 
653 |a Literatura argentina 
653 |a Literatura infantil 
653 |a Poesía 
653 |a Poesía infantil 
653 |a Colección ciencias de la educación 
859 |a CEMS  |b BIB. CEMS - Inicial y Primaria  |h A861.4  |i R147  |k IP  |p 3996  |t Ej. 1 
859 |a CEMS  |b BIB. CEMS - Ccias. Educacion  |h A861.4  |i R147-8  |k CE  |p 28948.19  |t Ej.1 
859 |a CEMS  |b BIB. CEMS - Inicial y Primaria  |h A861.4  |i R147  |k IP  |p 4505  |t Ej.2 
859 |a CEMS  |b BIB. CEMS - Inicial y Primaria  |h A861.4  |i R147  |k IP  |p 4068  |t Ej.3